| 000 | 01164nam a2200301 c 4500 | ||
|---|---|---|---|
| 003 | BLK | ||
| 005 | 20180422112155.0 | ||
| 008 | 180409b bul|||||r ||||||| ||bul|| | ||
| 010 | _aKNG00144978000 | ||
| 040 | _aBLK | ||
| 041 |
_aBUL _cBUL |
||
| 080 |
_aБългарска литература _b821.163.2 _x-93-34 _z821.163.2-93-34 |
||
| 100 | 1 |
_aВасилева, Мария _eпърви автор _9365010 |
|
| 700 | 1 |
_aПетров, Тодор _eхудож. _gХристов, Тодор Петров _9363979 |
|
| 139 |
_aВасилева, Мария _bВ 24 |
||
| 245 | 1 | 0 |
_aЗаювата къща _bЗа предучилищна възраст _cМария Василева; худож. Тодор Петров. |
| 257 | _aBGR | ||
| 260 |
_аСофия _bНар. младеж _c1959 |
||
| 300 |
_a16 с. _bс ил. _c17Х25 см |
||
| 380 | _aDX | ||
| 490 | 1 | _aБиблиотека Дружинка | |
| 500 | _a20 100 тир. | ||
| 852 | _aЦб І 34871 | ||
| 856 | 4 |
_qpdf _u |
|
| 856 | 4 |
_qpdf _u |
|
| 942 |
_cKNG _n0 |
||
| 944 |
_aCR _c05.07.2013 _l05.07.2013 - от С1,Р / 05.07.2013 _kАйшегюл_Сабриева |
||
| 944 |
_aED _c05.07.2013 _l05.07.2013 - от С1,Р / 05.07.2013 _k |
||
| 999 |
_c138978 _d138978 |
||